000 00829nam a2200205 a 4500
001 000840120
003 AM-YeHGA
005 20250617144832.0
008 111020s1982 ru a r 000 0brus d
040 _aAM-YeHGA
041 0 _arus
100 1 _aНечкина, Милица Васильевна
_d1901-1985
245 1 0 _aСледственное дело А.С. Грибоедова /
_cМ.В. Нечкина ; Ред. исторической литературы.
260 _aМосква :
_bМысль,
_c1982.
300 _a103 с., [8] л. порт., факсим., фотогр.
600 1 4 _aГрибоедов, Александр Сергеевич
_d1795-1829
650 1 4 _aБиографии писателей
710 2 _aРедакции исторической литературы
090 _c303181
999 _c301482
_d301482